000
00183 a2200097 4500
020
_a
9780736255882
041
_a
eng
100
_a
Allison K. Lim
245
_a
Day and Night
942
_c
BK
999
_c
8419
_d
8419